[Event "Ferrol op 32th"]
[Site "Ferrol"]
[Date "2017.07.23"]
[Round "8"]
[White "Alvarino Pita, Fernando"]
[Black "Sanchez Romar, Alejandro"]
[Result "1/2-1/2"]
[WhiteElo "1328"]
[BlackElo "1192"]
[PlyCount "73"]
[EventDate "2017.07.16"]
[EventType "swiss"]
[EventRounds "9"]
[EventCountry "ESP"]
[SourceTitle "EXT 2024"]
[Source "ChessBase"]
[SourceDate "2023.10.10"]
[SourceVersion "1"]
[SourceVersionDate "2023.10.10"]
[SourceQuality "1"]

1. c4 c5 2. Nf3 Nc6 3. Nc3 e6 4. e4 g6 5. d3 Bg7 6. Be3 b6 7. Qd2 Bb7 8. Nb5 d6 9. Rd1 a6 10. Nc3 Nge7 11. Be2 Nd4 12. 0-0 Nxf3+ 13. Bxf3 Nc6 14. a3 Nd4 15. Bg4 Qh4 16. h3 Qe7 17. Ne2 Nxe2+ 18. Bxe2 Qf6 19. Rb1 Qe7 20. Bg5 f6 21. Bh6 f5 22. exf5 gxf5 23. Bh5+ Kd7 24. Bxg7 Qxg7 25. f4 Rhg8 26. Bf3 Bxf3 27. Rxf3 Qh6 28. Re1 e5 29. Qe2 Rae8 30. Qf2 e4 31. dxe4 fxe4 32. Rg3 Rxg3 33. Qxg3 Qf6 34. Qg4+ Kc6 35. Qe2 Qxf4 36. Rf1 Qe5 37. Rd1 1/2-1/2

[Event "Ferrol op 31th"]
[Site "Ferrol"]
[Date "2016.07.23"]
[Round "6"]
[White "Esteve Perez, Manuel Fulgencio"]
[Black "Sanchez Romar, Alejandro"]
[Result "1-0"]
[WhiteElo "149"]
[BlackElo "1063"]
[PlyCount "43"]
[EventDate "2016.07.18"]
[EventType "swiss"]
[EventRounds "9"]
[EventCountry "ESP"]
[SourceTitle "EXT 2024"]
[Source "ChessBase"]
[SourceDate "2023.10.10"]
[SourceVersion "1"]
[SourceVersionDate "2023.10.10"]
[SourceQuality "1"]

1. e4 c5 2. Nf3 e6 3. c3 Nc6 4. d4 d5 5. e5 c4 6. Be2 Bd7 7. b3 Na5 8. Nbd2 Bb5 9. a4 Ba6 10. b4 b6 11. bxa5 bxa5 12. 0-0 Nh6 13. Qc2 g5 14. h3 Nf5 15. Nh2 f6 16. Bh5+ Kd7 17. exf6 Qxf6 18. Ng4 Qg7 19. Nf3 Be7 20. Nfe5+ Kc8 21. Nc6 Bd6 22. Qe2 1-0

[Event "Ferrol op 31th"]
[Site "Ferrol"]
[Date "2016.07.21"]
[Round "4"]
[White "Gonzalez Taboada, Lorenzo"]
[Black "Sanchez Romar, Alejandro"]
[Result "1/2-1/2"]
[WhiteElo "1272"]
[BlackElo "1063"]
[PlyCount "34"]
[EventDate "2016.07.18"]
[EventType "swiss"]
[EventRounds "9"]
[EventCountry "ESP"]
[SourceTitle "EXT 2024"]
[Source "ChessBase"]
[SourceDate "2023.10.10"]
[SourceVersion "1"]
[SourceVersionDate "2023.10.10"]
[SourceQuality "1"]

1. e4 c5 2. Nf3 e6 3. d4 cxd4 4. Nxd4 a6 5. Nc3 Qc7 6. g3 Nf6 7. Bg2 d6 8. 0-0 Bd7 9. h3 Nc6 10. Nf3 Be7 11. Be3 h6 12. Re1 g5 13. Nh2 Ne5 14. Rb1 Rg8 15. f4 Nc4 16. Bc1 Qb6+ 17. Kh1 Qf2 1/2-1/2